Managing for a change : (Record no. 18476)

000 -LEADER
fixed length control field 00727cam a2200193 a 4500
020 ## - INTERNATIONAL STANDARD BOOK NUMBER
ISBN 1853393991
040 ## - CATALOGING SOURCE
Transcribing agency ESU
082 00 - DEWEY DECIMAL CLASSIFICATION NUMBER
Classification number 307 INT 1997 C146 Or.
100 1# - MAIN ENTRY--AUTHOR NAME
Personal name Davies, Anthony,
245 10 - TITLE STATEMENT
Title Managing for a change :
Remainder of title how to run community development projects /
260 ## - PUBLICATION, DISTRIBUTION, ETC. (IMPRINT)
Place of publication London :
Name of publisher Intermediate Technology Publications in association with Voluntary Service Overseas,
Year of publication 1997.
300 ## - PHYSICAL DESCRIPTION
Number of Pages xi, 164 p. :
Other physical details ill. ;
Dimensions 25 cm.
650 #0 - SUBJECT ADDED ENTRY--TOPICAL TERM
Topical Term Community development
650 #0 - SUBJECT ADDED ENTRY--TOPICAL TERM
Topical Term Economic development projects
710 2# - ADDED ENTRY--CORPORATE NAME
Corporate name or jurisdiction name as entry element Voluntary Service Overseas.
856 42 - ELECTRONIC LOCATION AND ACCESS
Uniform Resource Identifier http://www.loc.gov/catdir/enhancements/fy1117/98184810-d.html
856 41 - ELECTRONIC LOCATION AND ACCESS
Uniform Resource Identifier http://www.loc.gov/catdir/enhancements/fy1117/98184810-t.html
942 ## - ADDED ENTRY ELEMENTS (KOHA)
Koha item type ADB
952 ## - LOCATION AND ITEM INFORMATION (KOHA)
Withdrawn status [LOCAL, KOHA] 0
Holdings
Koha item type Shelving location Lost status Permanent Location Current Location Date acquired Full call number
សៀវភៅភាសាអង់គ្លេសC146 Library Block CLibrary Block C2019-12-09307 INT 1997 C146 Or.
មជ្ឈមណ្ឌលឯការនៃសាកលវិទ្យាល័យភូមិន្ទកសិកម្មចំការដូង

Powered by Koha